| 000 | 00383nam a2200109 4500 | ||
|---|---|---|---|
| 999 |
_c14039 _d14039 |
||
| 008 | 190730b ||||| |||| 00| 0 eng d | ||
| 245 |
_aTGP conducts medical mission: _bBenefitting 1,224 indigent adult, children and senior citizen patients last march 17. |
||
| 260 |
_aDavao City: _bSun Star Davao; _cc2019. |
||
| 300 | _apage 13. | ||
| 650 | 0 |
_939033 _aPublic welfare. |
|
| 942 |
_2ddc _cPER |
||